000 00669nam a2200217Ia 4500
003 GCL
008 140319s9999 xx 000 0 ara d
040 _aGCL /
_cGCL
082 0 4 _a021.009
_bع م
100 1 _aعمر حسن حمدى
245 1 0 _aالمكتبة فى العالم العربى: تاريخها وطرق العمل بها /
_cعمر حسن حمدى
260 _a[S.N] :
_bمكتبة الانجلوالمصرية ،
_c1959
300 _a131 ص
490 _a
650 0 4 _aتاريخ
650 0 4 _aالخدمة المكتبية
650 0 4 _aتصنيف الكتب
650 0 4 _aالفهرسة
650 0 4 _aالمكتبات
942 _2ddc
_cBK
999 _c59097
_d59097